Sports Quiz

Random Sports or World Cup Quiz

Ski Jumping World Cup Ranking 2014-2015 Quiz Stats

 Plays Quiz not verified by Sporcle

Also try: Big 12
Challenge
Share
Tweet
Embed
Score 0/87 Timer 15:00
0 Plays Today
Nationality Ski Jumper % Correct
JapanNoriaki Kasai
100%
GermanySeverin Freund
98.9%
SloveniaPeter Prevc
98.9%
AustriaStefan Kraft
98.4%
SwitzerlandSimon Ammann
98.4%
JapanDaiki Ito
98.4%
SloveniaCene Prevc
98.4%
AustriaMichael Hayboeck
97.3%
PolandKamil Stoch
97.3%
GermanyRichard Freitag
97.3%
JapanKenshiro Ito
97.3%
Czech RepublicRoman Koudelka
96.7%
AustriaGregor Schlierenzauer
96.2%
NorwayAnders Fannemel
95.6%
SloveniaRobert Kranjec
94%
SloveniaJurij Tepes
91.8%
NorwayAnders Bardal
91.8%
PolandPiotr Zyla
91.8%
GermanyAndreas Wellinger
89%
SwitzerlandGregor Deschwanden
88.5%
FinlandJanne Ahonen
87.9%
JapanTaku Takeuchi
87.4%
RussiaDimitry Vassiliev
87.4%
NorwayRune Velta
85.7%
NorwayAnders Jacobsen
85.7%
SloveniaJernej Damjan
84.6%
PolandDawid Kubacki
84.6%
AustriaAndreas Kofler
84.1%
Czech RepublicJan Matura
83.5%
Nationality Ski Jumper % Correct
PolandMaciej Kot
83.5%
Czech RepublicJakub Janda
83%
RussiaDenis Kornilov
83%
NorwayDaniel Andre Tande
82.4%
GermanyMichael Neumayer
80.8%
NorwayJohan Andre Forfang
80.2%
GermanyAndreas Wank
79.7%
Czech RepublicLukas Hlava
78%
FranceVincent Descombes Sevoie
76.4%
PolandKlemens Muranka
76.4%
PolandStefan Hula
76.4%
FinlandLauri Asikainen
75.3%
BulgariaVladimir Zografski
75.3%
GermanyMarinus Kraus
74.7%
NorwayTom Hilde
74.2%
FinlandAnssi Koivuranta
74.2%
GermanyMarkus Eisenbichler
73.6%
AustriaManuel Fettner
72.5%
FinlandVille Larinto
72%
NorwayKenneth Gangnes
70.9%
PolandJan Ziobro
70.3%
NorwayAndreas Stjernen
68.7%
FinlandHarri Olli
68.7%
SloveniaAnze Lanisek
66.5%
GermanyStephan Leyhe
65.9%
ItalyDavide Bresadola
64.8%
JapanJunshiro Kobayashi
64.3%
South KoreaSeou Choi
64.3%
JapanShohei Tochimoto
62.6%
Nationality Ski Jumper % Correct
PolandAleksander Zniszczol
62.6%
Czech RepublicAntonin Hajek
61.5%
GermanyKarl Geiger
60.4%
AustriaManuel Poppinger
59.9%
AustriaThomas Diethart
59.9%
RussiaMikhail Maksimochkin
58.8%
FranceRonan Lamy Chappuis
57.7%
SloveniaAnze Semenic
56.6%
SloveniaNejc Dezman
56%
USANicholas Alexander
54.9%
AustriaWolfgang Loitzl
54.4%
SwitzerlandKillian Peier
53.3%
FinlandJarkko Maeaettae
52.2%
JapanKento Sakuyama
49.5%
SloveniaMatjaz Pungertar
47.3%
NorwayRobert Johansson
45.6%
RussiaIlmir Hazetdinov
45.1%
RussiaVladislav Boyarintsev
44%
NorwayJoachim Hauer
42.3%
FinlandSami Niemi
39.6%
SloveniaTomaz Naglic
38.5%
NorwayPhillip Sjoeen
36.8%
NorwayOle Marius Ingvaldsen
35.2%
GermanyPius Paschke
32.4%
RussiaAlexey Romashov
31.9%
SloveniaRok Justin
24.7%
AustriaSimon Greiderer
22.5%
GermanyDaniel Wenig
21.4%
AustriaUlrich Wohlgenannt
20.9%

You're not logged in!

Compare scores with friends on all Sporcle quizzes.
OR
Log In

You Might Also Like...

Show Comments

Extras

Top Quizzes Today


Score Distribution

Your Account Isn't Verified!

In order to create a playlist on Sporcle, you need to verify the email address you used during registration. Go to your Sporcle Settings to finish the process.

Report this User

Report this user for behavior that violates our Community Guidelines.

Details: